| 000 | 01567nam a22003857a 4500 | ||
|---|---|---|---|
| 003 | CHAP | ||
| 005 | 20220329143750.0 | ||
| 008 | 110728s2011 mx r 00010 spa d | ||
| 010 | _a101634 | ||
| 011 | _a102606 | ||
| 035 | _a113295 | ||
| 040 | _cCHAP | ||
| 090 | _aTesis | ||
| 100 | 1 |
_aMárquez Hernández, Christofer Israel. _976315 |
|
| 245 | 1 | 0 |
_aSomatotropina bovina recombinante y viabilidad de embriones bovinos divididos _h[En línea] _c/por Christofer Israel Márquez Hernández |
| 260 |
_aChapingo, Méx. : _bEl autor, _c2011 |
||
| 500 | _aPara ver el contenido del material haga clic en la liga | ||
| 502 | _aTesis (M.C. en Innovación Ganadera) -- UACH. Departamento de Enseñanza, Investigación y Servicio en Zootecnia | ||
| 590 |
_aALEPH _b10 _c20130110 _lUCH01 _h1541 |
||
| 590 |
_aBATCH-UPD _b10 _c20130110 _lUCH01 _h1508 |
||
| 590 |
_aBATCH-UPD _b10 _c20130410 _lUCH01 _h0926 |
||
| 590 |
_aBATCH-UPD _b10 _c20130914 _lUCH01 _h1509 |
||
| 590 |
_aBATCH-UPD _b10 _c20140324 _lUCH01 _h1526 |
||
| 590 |
_aBATCH-UPD _b10 _c20141002 _lUCH01 _h0849 |
||
| 590 |
_aCONVERSION _b10 _c20130109 _lUCH01 _h1356 |
||
| 650 | 1 | 4 |
_aEmbriones _xTransferencia. _936493 |
| 650 | 1 | 4 |
_aGanado Charolais. _945066 |
| 650 | 1 | 4 |
_aGanado vacuno _xMéxico (Edo.) _945494 |
| 650 | 1 | 4 |
_aSomatotropina. _9108535 |
| 856 |
_3Finding aid _uhttp://10.13.5.2/tesis/113295.pdf _zTeclea aqui |
||
| 901 | _aBK | ||
| 942 | _cFOLL | ||
| 949 |
_aTesis _bBC _cTES _d33724002244347 _eTS1 _gDonaciØn _h52481 _i113295 _st |
||
| 949 |
_aTesis _bBC _cTES _d33724002244389 _eTS2 _fc.2 _gDonaciØn _h52482 _i113295 _st |
||
| 999 |
_c101634 _d101634 |
||